000 00572nam a2200205 i 4500
001 20175
003 ES-MaACL
005 20260214063016.0
007 t|
008 021107s1978 sp |||| | spa d
100 1 _aAguado Hernández, Felipe,
_d1946-
_918621
245 1 3 _aLa revolución integral /
_cFelipe Aguado Hernández.
260 _a[Madrid] :
_bPaideia,
_c[1978]
300 _a127 p. ;
_c16 cm.
490 1 _aDebate
650 0 7 _aRevoluciones
_2embne
_916897
830 0 _aDebate
_9186970
852 _aES-MaACL
_jA-9211
999 _c20175
_d20175